The Citadel : (Record no. 219409)
[ view plain ]
| 000 -LEADER | |
|---|---|
| fixed length control field | 01019 a2200193 4500 |
| 003 - CONTROL NUMBER IDENTIFIER | |
| control field | Nust |
| 005 - DATE AND TIME OF LATEST TRANSACTION | |
| control field | 20170207171856.0 |
| 040 ## - CATALOGING SOURCE | |
| Transcribing agency | Nust |
| 082 ## - DEWEY DECIMAL CLASSIFICATION NUMBER | |
| Classification number | 050 |
| 100 ## - MAIN ENTRY--PERSONAL NAME | |
| Personal name | Command and Staff College (Quetta, Pakistan) |
| 245 ## - TITLE STATEMENT | |
| Title | The Citadel : |
| Remainder of title | professional magazine of the Command and Staff College -No.1/2016 |
| Statement of responsibility, etc. | Command and Staff College (Quetta, Pakistan) |
| 260 ## - PUBLICATION, DISTRIBUTION, ETC. | |
| Place of publication, distribution, etc. | Quetta,Pakistan |
| Name of publisher, distributor, etc. | Comdt and Staff Press Quetta |
| Date of publication, distribution, etc. | 2016 |
| 300 ## - PHYSICAL DESCRIPTION | |
| Extent | 132 p |
| 490 ## - SERIES STATEMENT | |
| Volume/sequential designation | Vol.xxxv |
| 505 ## - FORMATTED CONTENTS NOTE | |
| Formatted contents note | From th Editor (Page 2-3), Letters (Page 4-7),Significance of Military Culture- Learning from the Wehrmacht (Page 8-19), Doctrinal Evaluation / Military Concepts (Page 20-24), Leadership, Command and Management (Page 25-34), National / International Affairs (Page 50-60), Miscellaneous (Page 61-86), Traning and Education (Page 87-113), Book Reviews (Page 114-118), Fresh Arrivals (Page 119-132), |
| 538 ## - SYSTEM DETAILS NOTE | |
| System details note | Almirah No.137 Shelf No.6 |
| 650 ## - SUBJECT ADDED ENTRY--TOPICAL TERM | |
| Topical term or geographic name entry element | Pakistan. -- Army -- Periodicals. |
| 651 ## - SUBJECT ADDED ENTRY--GEOGRAPHIC NAME | |
| Geographic name | Pakistan -- Military policy -- Periodicals. |
| 942 ## - ADDED ENTRY ELEMENTS (KOHA) | |
| Koha item type | |
| Withdrawn status | Lost status | Source of classification or shelving scheme | Damaged status | Not for loan | Collection code | Permanent Location | Current Location | Date acquired | Total Checkouts | Full call number | Barcode | Date last seen | Price effective from | Koha item type |
|---|---|---|---|---|---|---|---|---|---|---|---|---|---|---|
| Military College of Signals (MCS) | Military College of Signals (MCS) | 12/12/2016 | 050 COM | MCSP-95/18 | 12/08/2016 | 12/12/2016 | Book |
